000 00809cam a22002172 4500
999 _c16494
_d16494
001 0000025015
003 OSt
005 20170918162722.0
008 140416s xx 000 0 eng d
040 _aKABU
_cKABU
050 _aThe HD2346
_b.K4K57 2015
100 1 _aKiplagat, Jane Jepkosgei
245 1 3 _aUtilization of M-pesa and performance of small and medium scale businesses in Nakuru town /
_cJane Jepkosgei Kiplagat
260 _aNakuru :
_bKabarak University,
_c2015.
300 _axii, 76 leaves.
502 _aThesis (MBA) - Kabarak University, 2015.
650 0 _aBanks and banking, Mobile
650 0 _aInformation technology
_xEconomic aspects
650 0 _aSmall business enterprises
_xFinance
_zKenya
942 _2lcc
_cTHE
_hThe HD2346
_i.K4K57 2015
_kThe